00759 2200289 4500001002100000005001500021035002000036007000300056040001600059100002400075245003800099250001200137300004000149504002400189041000800213082001000221084001600231090002200247264003900269336002100308337003000329338002300359650001200382850001000394008004100404990002400445INLIS00000000000739520260602031258 a0010-0822000369ta aSBUPADbind0 aWinzaldiePengarang1 aMembuat Bakso Sendiri /cWinzaldi a.-cet.1 avi + 78 Hlm :bilus ;c14,5 x 21 cm aBibliografi hlm. 7807aind a640.4 a640.4 WIN m a640.4 WIN m L20-6 a.--Bandung :bPutra Mandiri,c2008 2rdacontentateks 2rdamediaatanpa perantara 2rdacarrieravolume 4aKuliner aPUPAD260602 0  a493/S/KAPD/PDG/2012